[Event "TUR-chT 1st League"]
[Site "Konya"]
[Date "2017.07.20"]
[Round "5.12"]
[White "Uzun, Belemir"]
[Black "Kara, Gulce Nehir"]
[Result "1/2-1/2"]
[WhiteElo "1665"]
[BlackElo "1641"]
[PlyCount "126"]
[EventDate "2017.07.17"]
[EventType "team-swiss"]
[EventRounds "9"]
[EventCountry "TUR"]
[SourceTitle "CBM 179 Extra"]
[Source "ChessBase"]
[SourceDate "2017.08.23"]
[SourceVersion "1"]
[SourceVersionDate "2017.08.23"]
[SourceQuality "1"]
[WhiteTeam "Antalya Olbia"]
[BlackTeam "Yalova Belediye"]
[WhiteTeamCountry "TUR"]
[BlackTeamCountry "TUR"]

1. e4 c5 2. Nf3 e6 3. g3 Nc6 4. Bg2 Qc7 5. 0-0 Nf6 6. Re1 d6 7. c3 Be7 8. d4 cxd4 9. cxd4 0-0 10. Nc3 a6 11. Qe2 Re8 12. Bd2 b5 13. h3 Bb7 14. Rac1 Qd7 15. e5 dxe5 16. dxe5 Nd5 17. Ne4 Ndb4 18. Bxb4 Nxb4 19. Red1 Nd5 20. Nh2 Rac8 21. Qh5 Rxc1 22. Rxc1 Rc8 23. Rd1 Rc2 24. Ng4 Qe8 25. Ng5 Bxg5 26. Qxg5 Kh8 27. Be4 Rc4 28. Bb1 Rc8 29. Qh4 Qg8 30. Be4 Rc4 31. f3 Rc8 32. Kf2 Ba8 33. Nh2 g6 34. Ng4 Qf8 35. Bxd5 Bxd5 36. Qf6+ Qg7 37. a3 Qxf6 38. exf6 Rc2+ 39. Ke3 Kg8 40. f4 Rxb2 41. Rc1 Bc4 42. Ne5 Rb3+ 43. Kf2 Rxa3 44. Nxc4 bxc4 45. Rxc4 h5 46. Rc8+ Kh7 47. Rf8 Ra2+ 48. Ke3 Ra3+ 49. Kf2 a5 50. Rxf7+ Kg8 51. Rg7+ Kf8 52. Re7 a4 53. Rxe6 Kf7 54. Ra6 Ra1 55. g4 a3 56. gxh5 gxh5 57. Kg3 a2 58. Kh4 Rf1 59. Rxa2 Rxf4+ 60. Kxh5 Rxf6 61. Ra7+ Kg8 62. Kg5 Rb6 63. Ra5 Kg7 1/2-1/2